000
00195nam a2200085Ia 4500
008
170617s9999 xx 000 0 und d
100
_a
Ferguson -N
245
0
_a
Text book of Organic Chemistry
260
_b
EWP
260
_c
2008
999
_c
15774
_d
15774